| 000 | 00468nam a22001817a 4500 | ||
|---|---|---|---|
| 999 |
_c9007 _d9007 |
||
| 003 | GBCCL | ||
| 005 | 20241126110703.0 | ||
| 008 | 220221b ||||| |||| 00| 0 eng d | ||
| 020 | _a15557640025 | ||
| 040 | _cgbc | ||
| 082 |
_a220.13 _bTHI |
||
| 100 |
_aThieme, R. B. _98111 |
||
| 245 | _aCanonicity | ||
| 260 |
_aHouston : _bR.B. Thieme, JR, Bible ministries, _c1973 |
||
| 300 | _a64p. ; | ||
| 650 |
_aBible _vOrigins and Authenticity _94835 |
||
| 942 |
_2ddc _cBK _01 |
||